000 00835nam a22002417a 4500
999 _c21247
_d21247
003 AR-CdUCM
008 190305b ||||| |||| 00| 0 spa d
020 _a9786120026915
040 _aMUNICIPALIDAD PROVINCIAL DEL CUSCO
_cBIBLIOTECA MUNICIPAL DEL CUSCO
082 _a608 / AR71G
_bAR71G
100 _aArgota Pérez, George
_944285
245 _aGlosario terminológico análisis ambiental y metodología de la investigación científica /
260 _aCusco :
_bKopy Graf,
_c2017.
300 _a56 Páginas. :
_c20 cm.
505 _aContenido: Glosario de términos y definiciones.
650 _aEcotoxicología
_944374
650 _aContaminación ambiental
_944359
650 _aCosto ambiental
_944375
650 _aGlosario
_915822
650 _aInvestigación científica
_99735
942 _2ddc
_cLIBROS
945 _aRoel